000 00441nam a22001697a 4500
003 CEME
005 20210628203442.0
008 210129b xxu||||| |||| 00| 0 eng d
040 _c.
082 _a954 ALT
100 _aAltaf Hussain Kazmi
_965558
245 _aBuzdoil bharat, the war that never was
260 _aLAHORE
_bSANG-E-MEEL
_c2002
300 _a294P
650 _aINDIAN ARMY.THE WAR THAT NEVER WAS
_965559
942 _cBK
_2ddc
999 _c573728
_d573728